<?xml version="1.0" encoding="UTF-8"?><?xml-stylesheet type="text/xsl" href="static/style.xsl"?><OAI-PMH xmlns="http://www.openarchives.org/OAI/2.0/" xmlns:xsi="http://www.w3.org/2001/XMLSchema-instance" xsi:schemaLocation="http://www.openarchives.org/OAI/2.0/ http://www.openarchives.org/OAI/2.0/OAI-PMH.xsd"><responseDate>2026-06-29T02:40:44Z</responseDate><request verb="GetRecord" identifier="oai:docta.ucm.es:20.500.14352/13966" metadataPrefix="marc">https://docta.ucm.es/rest/oai/request</request><GetRecord><record><header><identifier>oai:docta.ucm.es:20.500.14352/13966</identifier><datestamp>2023-09-07T16:06:07Z</datestamp><setSpec>com_20.500.14352_14</setSpec><setSpec>col_20.500.14352_21</setSpec></header><metadata><record xmlns="http://www.loc.gov/MARC21/slim" xmlns:dcterms="http://purl.org/dc/terms/" xmlns:xsi="http://www.w3.org/2001/XMLSchema-instance" xmlns:doc="http://www.lyncode.com/xoai" xsi:schemaLocation="http://www.loc.gov/MARC21/slim http://www.loc.gov/standards/marcxml/schema/MARC21slim.xsd">
   <leader>00925njm 22002777a 4500</leader>
   <datafield ind2=" " ind1=" " tag="042">
      <subfield code="a">dc</subfield>
   </datafield>
   <datafield ind2=" " ind1=" " tag="720">
      <subfield code="a">Fernández Rozas, José Carlos</subfield>
      <subfield code="e">author</subfield>
   </datafield>
   <datafield ind2=" " ind1=" " tag="260">
      <subfield code="c">2018-10</subfield>
   </datafield>
   <datafield ind2=" " ind1=" " tag="520">
      <subfield code="a">Durante el Segundo Imperio España se sitúa en la órbita de influencia francesa, tanto en el ámbito de las relaciones internacionales como en el marco económico y financiero, repercutiendo directamente en la construcción de un bloque normativo regulador de las transacciones del tráfico privado externo que, aunque orientado a la satisfacción de los intereses franceses, sentó importantes bases en la construcción del sistema español de Derecho internacional privado del último tercio del siglo XIX.</subfield>
   </datafield>
   <datafield ind2=" " ind1=" " tag="520">
      <subfield code="a">During the Second Empire Spain is placed in the orbit of French influence, both in the field of international relations and in the economic and financial framework, directly impacting on the construction of a normative regulatory block of private external traffic transactions that, although oriented to the satisfaction of French interests, laid important foundations in the construction of the Spanish system of private international law of the last third of the nineteenth century.</subfield>
   </datafield>
   <datafield ind1="8" ind2=" " tag="024">
      <subfield code="a">978-84-941055-7-9</subfield>
   </datafield>
   <datafield ind1="8" ind2=" " tag="024">
      <subfield code="a">https://hdl.handle.net/20.500.14352/13966</subfield>
   </datafield>
   <datafield ind2="0" ind1="0" tag="245">
      <subfield code="a">El Segundo Imperio y los orígenes recientes del Derecho internacional privado español</subfield>
   </datafield>
</record></metadata></record></GetRecord></OAI-PMH>